Statistics for Middle East Countries gets independence from?

Click here to take the quiz!

General Stats

  • This quiz has been taken 17 times
  • The average score is 9 of 14

Answer Stats

HintAnswer% Correct
SyriaFrance
100%
LebanonFrance
100%
EgyptUnited Kingdom/UK
100%
YemenUnited Kingdom/UK
100%
OmanUnited Kingdom/UK
100%
BahrainUnited Kingdom/UK
100%
United Arab Emirates (UAE)United Kingdom/UK
100%
CyprusUnited Kingdom/UK
100%
PalestineUnited Nations/UN
18%
IsraelUnited Nations/UN
18%
Saudi ArabiaUnited Nations/UN
18%
KuwaitUnited Nations/UN
18%
TurkeyUnited Nations/UN
18%
IranIslamic Revolution
12%

Score Distribution

Percentile by Number Answered

Percent of People with Each Score

Your Score History

You have not taken this quiz